Across the Border Travel - Statistics

General Stats
  • This quiz has been taken 34 times
  • The average score is 15 of 18
Answer Stats
Where you must go Answer % Correct
The most populated country China
100%
Olympics invented here Greece
100%
Formerly called Persia Iran
97%
Also a dish served at thanksgiving Turkey
97%
Involved in 9/11 Afghanistan
90%
Second country alphabetically Albania
90%
Lost both World Wars Germany
90%
Famous for being neutral Switzerland
90%
Where French Fries were invented Belgium
86%
The capital is the most visited European city France
86%
Country that wraps around Bosnia & Herzegovina Croatia
83%
Not recognised by UN Kosovo
83%
Broke from India in 1947 Pakistan
83%
Country that claims above Serbia
76%
The most northern formally Yugoslavian country Slovenia
72%
Circles around two different countries Italy
62%
Formerly called Dutch Guiana Suriname
52%
Above country's biggest border Brazil
41%
No matching quizzes found
Score Distribution
Percent of People with Each Score
Percentile by Number Answered
Your Score History
You have not taken this quiz